|
|
|
|
| LEADER |
00000ckm a2200000 a 4500 |
| 001 |
vtls001200979 |
| 003 |
SK-MaSNL |
| 005 |
20260331202717.0 |
| 007 |
kf co |
| 008 |
231121s1988 xo g 0kuslo |
| 015 |
|
|
|a SNBG1988
|
| 035 |
|
|
|a SNK000144049
|
| 035 |
|
|
|a urn:nbn:sk:snk-km45vfp
|
| 035 |
|
|
|a 4627D168-B3D5-4A48-A5F0-F2D4BCCA5A87
|
| 035 |
|
|
|a urn:nbn:sk:snk-km00fax8
|
| 040 |
|
|
|a SNK
|b slo
|c SNK
|e AACR2
|
| 041 |
0 |
|
|a slo
|
| 043 |
|
|
|a e-xo---
|
| 044 |
|
|
|a xo
|c SK
|
| 072 |
|
7 |
|a 913
|x Regionálna geografia
|2 konspekt
|
| 080 |
|
|
|a 913(437.6)
|2 2011
|
| 080 |
|
|
|a 908(437.6)
|2 2011
|
| 080 |
|
|
|a 725.84
|2 2011
|
| 080 |
|
|
|a 711.582.7
|2 2011
|
| 080 |
|
|
|a 711.455.8
|2 2011
|
| 080 |
|
|
|a 711.455
|2 2011
|
| 080 |
|
|
|a 629.97
|2 2011
|
| 080 |
|
|
|a 627.81
|2 2011
|
| 080 |
|
|
|a (084.121)
|2 2011
|
| 100 |
1 |
|
|a Lorenc, František
|c (fotograf)
|4 pht
|9 177742
|
| 245 |
1 |
0 |
|a Zemplínska šírava
|h grafika
|b Vinianske jazero : Kamenec : Obchodné centrum Slnečný lúč
|c foto František Lorenc, Elena Lorencová, Jiří Dušek
|
| 246 |
1 |
|
|i Názov na obrazovej časti:
|a Zemplínska šírava
|
| 260 |
|
|
|a Bratislava
|b Pravda
|c 1988
|e [Bratislava]
|f TZP-B
|
| 300 |
|
|
|a 1 pohľadnica (4 čiastkové pohľady)
|b farebná
|c 11 x 15 cm
|
| 520 |
8 |
|
|a Zobrazenie: Štyri čiastkové pohľady, každý v bielom orámovaní, všetky spolu v striebornom orámovaní, uprostred medzi pohľadmi je strieborný kosoštvorec. V treťom pohľade vpravo dole je bielym písmom názov. Pohľad na vodnú nádrž, v ktorej pláva niekoľko ľudí, v pozadí je na trávnatom brehu vidno opaľujúcich sa ľudí, stany a osobné autá z autokempingu. Za nimi je hustý listnatý les. Pohľad na trávnatú plochu na briežku s kríkmi, stredom ktorej vedie schodište. Za ním vidno v pozadí nízku budovu so sedlovou strechou. Vpravo hore zasahuje do záberu časť koruny listnatého stromu. Pohľad na výletnú loď na vodnej nádrži, v pozadí vidno trávnatý kopcovitý breh, na ktorom sú rekreačné budovy. Pohľad na chodník vpravo, za ním trávnatú plochu. Vľavo sú na nej tri pouličné lampy. Vpravo v pozadí je nízka budova s obchodmi a službami
|
| 650 |
0 |
7 |
|a vodné nádrže
|2 SNKPH
|9 4190
|
| 650 |
0 |
7 |
|a autokempingy
|2 SNKPH
|9 784
|
| 650 |
0 |
7 |
|a rekreačné zariadenia
|2 SNKPH
|9 3012
|
| 650 |
0 |
7 |
|a lode
|2 SNKPH
|9 28713
|
| 650 |
0 |
7 |
|a rekreačné oblasti
|2 SNKPH
|9 69057
|
| 651 |
|
7 |
|a Zemplínska šírava (Slovensko : rekreačná oblasť)
|2 SNKPHgeo
|9 113109
|
| 655 |
|
7 |
|a miestne pohľadnice
|2 SNKPH
|9 70510
|
| 655 |
|
7 |
|a geografické pohľadnice
|2 SNKPH
|9 70522
|
| 700 |
1 |
|
|a Lorencová, Elena
|c (fotografka)
|4 pht
|9 283290
|
| 700 |
1 |
|
|a Dušek, Jiří,
|d 1941-
|4 pht
|9 173643
|
| 852 |
|
|
|a Slovenská národná knižnica
|
| 954 |
|
|
|a pohľadnice pôvodné (slovenské)
|2 lita
|
| 954 |
|
|
|a pohľadnice cudzojazyčné (svetové)
|2 lita
|
| 958 |
|
|
|a GBN
|
| 958 |
|
|
|a GC
|
| 958 |
|
|
|a OND
|
| 958 |
|
|
|a EUIPO
|
| 999 |
|
|
|c 784264
|d 786194
|
| 952 |
|
|
|a SNK
|b SNK
|y PREZ
|7 0
|p 17A1284070
|o snkSP 139417
|i snk1725/88
|0 0
|1 0
|4 0
|d 2020-09-30
|f 1
|l 0
|r 2026-02-24 01:15:26
|w 2026-02-24
|
| 952 |
|
|
|a SNK
|b SNK
|y PREZ
|7 0
|p 17A1284071
|o snkSP 139417 D1
|i snk1726/88
|0 0
|1 0
|4 0
|d 2020-09-30
|l 0
|r 2026-02-24 01:15:26
|w 2026-02-24
|